000 00311nam a22001337a 4500
008 171020b xxu||||| |||| 00| 0 eng d
020 _a0444889191
041 _aeng
080 _a338
100 _a54
101 _a338
245 _aADVANCES IN PRODUCTION IN MANAGEMENT SYSTEMS
_cELORANTA,E
942 _2udc
_cBK
999 _c35030
_d35030